000 00544nam a2200217Ia 4500
003 OSt
005 20220928140155.0
006 a|||||r|||| 00| 0
007 ta
008 220927b |||||||| |||| 00| 0 eng d
024 _a7204
037 _cTextual
040 _aSDCL
_cSDCL
_beng
041 _2eng
_aeng
082 _aX:741, L2
100 _aJohnson Harry G
_9374191
245 0 _aInflation and the monetarist controversy
260 _c1972
942 _hX:741, L2
_cTEXL
_2CC
999 _c810297
_d810297